| 000 | 00688nam a2200229 a 4500 | ||
|---|---|---|---|
| 008 | |||
| 020 | _a0071344187 (hbk.) | ||
| 049 | 0 | _aMAIN | |
| 090 | 0 | _aTK7867.2MAR | |
| 100 | 1 | _aMardiguian, Michel. | |
| 245 | 1 | 0 |
_aEMI troubleshooting techniques / _cMichel Mardiguian. |
| 260 |
_aNew York : _bMcGraw-Hill, _cc2000. |
||
| 300 |
_axiii, 301 p. : _bill. ; _c24 cm. |
||
| 504 | _aIncludes bibliographical references. | ||
| 650 | 0 | _aElectromagnetic interference. | |
| 650 | 0 | _aElectromagnetic compatibility. | |
| 907 |
_a.b10157475 _b13-01-06 _c07-03-05 |
||
| 003 | |||
| 005 | 20230123133943.0 | ||
| 040 | _cNUST | ||
| 942 |
_cBOOKS _kTK7867.2MAR |
||
| 999 |
_c157482 _d157482 |
||